00319nam a2200133Ia 4500003000400000005001700004008004100021020001800062040002000080100002400100245002800124260002500152300000800177OSt20240229162923.0170524s9999 xx 000 0 und d a9789356064270 cIIMT UNIVERSITY a Stephen P. Robbins 0aORGANIZATIONAL BEHAVIOR aNew DelhibPHIc2008 a716